Warrior ways (Record no. 56242)
[ view plain ]
| 000 -LEADER | |
|---|---|
| fixed length control field | 01290nam a2200325Ia 4500 |
| 245 00 - TITLE STATEMENT | |
| Title | Warrior ways |
| 260 ## - PUBLICATION, DISTRIBUTION, ETC. (IMPRINT) | |
| Place of publication | Logan, Utah : |
| Name of publisher | Utah State University Press, |
| Year of publication | c2012. |
| 300 ## - PHYSICAL DESCRIPTION | |
| Number of Pages | ix, 287 p. |
| 650 #0 - SUBJECT ADDED ENTRY--TOPICAL TERM | |
| Topical Term | Soldiers |
| Topical Term | Armed Forces |
| Topical Term | Military art and science |
| 700 1# - ADDED ENTRY--PERSONAL NAME | |
| Personal name | Tuleja, Tad, |
| Personal name | Eliason, Eric A. |
| 856 40 - ELECTRONIC LOCATION AND ACCESS | |
| Uniform Resource Identifier | http://site.ebrary.com/lib/rucke/Doc?id=10622545 |
No items available.
